| 000 | 00506nam a2200217Ia 4500 | ||
|---|---|---|---|
| 003 | 0100 | ||
| 008 | 130303s9999 xx 000 0 und d | ||
| 020 | _a0802844510 | ||
| 040 | _cARRUPELIB | ||
| 050 | _aBD215.H479 1997 | ||
| 100 | _aHelm, Paul | ||
| 245 | _aFaith and understanding | ||
| 260 | _aGrand Rapids, Michigan | ||
| 260 | _bWilliam B. Eerdmans | ||
| 260 | _C1997 | ||
| 300 | _aviii | ||
| 300 | _b 212 p.23 cm | ||
| 440 | _aReason and religion | ||
| 650 | _aPHILOSOPHY | ||
| 942 | 0 | 0 | _03 |
| 999 |
_c11331 _d11331 |
||